书目信息 |
| 题名: |
名人名言
|
|
| 作者: | 小雨 主编 | |
| 分册: | ||
| 出版信息: | 延吉 延边大学出版社 2004.01 |
|
| 页数: | 348页 | |
| 开本: | 18cm | |
| 丛书名: | 名言妙语珍藏版 | |
| 单 册: | ||
| 中图分类: | H033 | |
| 科图分类: | ||
| 主题词: | 格言--ge yan--世界--汇编 | |
| 电子资源: | ||
| ISBN: | 7-5634-1462-2 | |
| 000 | 00804nam 2200253 450 | |
| 001 | 012007521003 | |
| 005 | 20070920100549.98 | |
| 010 | @a7-5634-1462-2@dCNY12.00 | |
| 100 | @a20070822d2004 km y0chiy0120 ea | |
| 101 | 0 | @achi |
| 102 | @aCN@b220000 | |
| 105 | @ay z 000yy | |
| 200 | 1 | @a名人名言@Aming ren ming yan@f小雨主编@Fxiao yu zhu bian |
| 205 | @a第2版 | |
| 210 | @a延吉@c延边大学出版社@d2004.01 | |
| 215 | @a348页@d18cm | |
| 225 | 2 | @a名言妙语珍藏版@Aming yan miao yu zhen cang ban |
| 330 | @a本书收录名人格言分为:真理、理想、意志、年华、惜时、才智、求学、德行、审美、语言、健美、气度、情感等16个方面。 | |
| 410 | 0 | @12001 @a名言妙语珍藏版 |
| 606 | 0 | @a格言@Age yan@y世界@j汇编 |
| 690 | @aH033@v4 | |
| 701 | 0 | @a小雨@Axiao yu@4主编 |
| 801 | 0 | @aCN@c20070920 |
| 905 | @dH033@eX388 | |
| 名人名言/小雨主编.-第2版.-延吉:延边大学出版社,2004.01 |
| 348页;18cm.-(名言妙语珍藏版) |
| ISBN 7-5634-1462-2:CNY12.00 |
| 本书收录名人格言分为:真理、理想、意志、年华、惜时、才智、求学、德行、审美、语言、健美、气度、情感等16个方面。 |
| ● |
| 相关链接 |
|
|
|
正题名:名人名言
索取号:H033/X388
 
预约/预借
| 序号 | 登录号 | 条形码 | 馆藏地/架位号 | 状态 | 备注 |
| 1 | 261841 | 202618417 | 语言库209/209语言库 66排3列4层/ [索取号:H033/X388] | 在馆 | |
| 2 | 261842 | 202618426 | 语言库209/209语言库 66排3列4层/ [索取号:H033/X388] | 在馆 | |
| 3 | 261843 | 202618435 | 语言库209/209语言库 66排3列4层/ [索取号:H033/X388] | 在馆 |